Antennas and wave propagation (Record no. 181308)

000 -LEADER
fixed length control field 00353nam a2200121Ia 4500
008 - FIXED-LENGTH DATA ELEMENTS--GENERAL INFORMATION
fixed length control field 220217s9999||||xx |||||||||||||| ||und||
082 ## - DEWEY DECIMAL CLASSIFICATION NUMBER
Classification number 621.382 4 RAJ
100 ## - MAIN ENTRY--PERSONAL NAME
Personal name Raju, G.S.N
9 (RLIN) 5809
245 #0 - TITLE STATEMENT
Title Antennas and wave propagation
260 ## - PUBLICATION, DISTRIBUTION, ETC.
Place of publication, distribution, etc. Pearson education of asia
Name of publisher, distributor, etc. New Delhi
Date of publication, distribution, etc. 2009
300 ## - PHYSICAL DESCRIPTION
Extent XXII,487p.;28cm
Other physical details 350
650 ## - SUBJECT ADDED ENTRY--TOPICAL TERM
Topical term or geographic name entry element ANTENNAS
9 (RLIN) 151
Holdings
Withdrawn status Lost status Damaged status Not for loan Collection code Home library Current library Date acquired Full call number Barcode Date last seen Price effective from Koha item type
        Electronics and Communication Engineering Central Library Central Library 02/18/2022 621.382 4 RAJ 16497 02/18/2022 02/18/2022 Books

Powered by Koha